<?xml version="1.0" encoding="UTF-8"?><?xml-stylesheet type="text/xsl" href="static/style.xsl"?><OAI-PMH xmlns="http://www.openarchives.org/OAI/2.0/" xmlns:xsi="http://www.w3.org/2001/XMLSchema-instance" xsi:schemaLocation="http://www.openarchives.org/OAI/2.0/ http://www.openarchives.org/OAI/2.0/OAI-PMH.xsd"><responseDate>2026-04-14T02:14:18Z</responseDate><request verb="GetRecord" identifier="oai:www.recercat.cat:2445/216942" metadataPrefix="marc">https://recercat.cat/oai/request</request><GetRecord><record><header><identifier>oai:recercat.cat:2445/216942</identifier><datestamp>2025-12-10T01:03:32Z</datestamp><setSpec>com_2072_1057</setSpec><setSpec>col_2072_478818</setSpec><setSpec>col_2072_478917</setSpec></header><metadata><record xmlns="http://www.loc.gov/MARC21/slim" xmlns:dcterms="http://purl.org/dc/terms/" xmlns:xsi="http://www.w3.org/2001/XMLSchema-instance" xmlns:doc="http://www.lyncode.com/xoai" xsi:schemaLocation="http://www.loc.gov/MARC21/slim http://www.loc.gov/standards/marcxml/schema/MARC21slim.xsd">
   <leader>00925njm 22002777a 4500</leader>
   <datafield ind2=" " ind1=" " tag="042">
      <subfield code="a">dc</subfield>
   </datafield>
   <datafield ind2=" " ind1=" " tag="720">
      <subfield code="a">Gargallo Gil, José Enrique</subfield>
      <subfield code="e">author</subfield>
   </datafield>
   <datafield ind2=" " ind1=" " tag="260">
      <subfield code="c">2024-12-04T17:29:30Z</subfield>
   </datafield>
   <datafield ind2=" " ind1=" " tag="260">
      <subfield code="c">2024-12-04T17:29:30Z</subfield>
   </datafield>
   <datafield ind2=" " ind1=" " tag="260">
      <subfield code="c">2024-11-29</subfield>
   </datafield>
   <datafield ind2=" " ind1=" " tag="260">
      <subfield code="c">2024-12-04T17:29:30Z</subfield>
   </datafield>
   <datafield ind2=" " ind1=" " tag="520">
      <subfield code="a">[cat] S’ofereix una semblança sobre el procés d’integració, en el darrer quart de segle (1998-2023), de la comunitat d’origen romanès a Rossell (891 habitants al cens de 2023), poble catalanoparlant del nord valencià (comarca del Baix Maestrat), a tocar de Catalunya. Entre la cinquantena de components d’aquesta comunitat, cal incloure-hi els que hi van arribar de ben petits o els que ja hi han nascut; és a dir, una segona generació que referma la “rossellanitat” i s’allunya de la “romanesitat” pàtria. A partir d’una vintena de converses guiades, s’han obtingut dades sobre els llocs de procedència, les diferents històries de vida, els àmbits de vinculació al poble (treball, associacionisme, aficions), els usos lingüístics (romanès, rossellà, castellà) i la impregnació que tant el castellà com el rossellà reben del romanès, sobretot entre els membres de la primera generació.</subfield>
   </datafield>
   <datafield tag="653" ind2=" " ind1=" ">
      <subfield code="a">Rosselló (França)</subfield>
   </datafield>
   <datafield tag="653" ind2=" " ind1=" ">
      <subfield code="a">Romanesos</subfield>
   </datafield>
   <datafield tag="653" ind2=" " ind1=" ">
      <subfield code="a">Roussillon (France)</subfield>
   </datafield>
   <datafield tag="653" ind2=" " ind1=" ">
      <subfield code="a">Romanian</subfield>
   </datafield>
   <datafield ind2="0" ind1="0" tag="245">
      <subfield code="a">De Romania a Rossell. Una semblança sobre els rossellans d'origen romanès en el darrer quart de segle.</subfield>
   </datafield>
</record></metadata></record></GetRecord></OAI-PMH>